ბათუმის შოთა რუსთაველის სახელმწიფო უნივერსიტეტის ბიბლიოთეკა

პროფესორ ვახტანგ ამაღლობელის ხსოვნისადმი მიძღვნილი V საერთაშორისო კონფერენცია ამერიკისმცოდნეობაში = IV international conference on american studies : ოქტომბერი 2010 ქუთაისი : (ბიბ.ჩანაწერი № 58868)

000 -ლიდერი
ფიქსირებული სიგრძის საკონტროლო ველი 02635nam a22002657a 4500
003 - საკონტროლო ნომრის იდენტიფიკატორი
საკონტროლო ველი Ge_BSU
005 - ბოლო ოპერაციის თარიღი და დრო
საკონტროლო ველი 20221011164853.0
008 - ფიქსირებული სიგრძის მონაცემთა ელემენტები - ზოგადი ინფორმაცია
ფიქსირებული სიგრძის საკონტროლო ველი 221011s2010 ge ||||| |||| 00| 0 geo d
041 ## - ენის კოდი
Language code of text/sound track or separate title geo
080 ## - უნივერსალური ათობითი კლასიფიკაციის ინდექსი
Universal Decimal Classification number 908(73) ს-12
245 ## - ცნობა სათაურის შესახებ
Title პროფესორ ვახტანგ ამაღლობელის ხსოვნისადმი მიძღვნილი V საერთაშორისო კონფერენცია ამერიკისმცოდნეობაში = IV international conference on american studies : ოქტომბერი 2010 ქუთაისი :
Remainder of title ლიტერატურა, კულტურა, ხელოვნება, ქართულ-ამერიკული ურთიართობები, პოლიტიკა, ისტორია, ეკონომიკა, განათლება და საზოგადოება : [კონფერენციის მასალები] /
Statement of responsibility, etc სარედ. კოლ.: ვახტანგ ამაღლობელი [და სხვ.].
264 ## - წარმოების, გამოცემის, დისტრიბუციის და სხვა ცნობები
გამოცემის, წარმოების, დისტრიბუციის... ადგილი ქუთაისი :
გამოცემის, წარმოების, დისტრიბუციის... სახელწოდება აკ. წერეთლის სახელმწ. უნ-ტის გამ-ბა,
გამოცემის, წარმოების, დისტრიბუციის... თარიღი 2010.
300 ## - ფიზიკური აღწერა
Extent 427 გვ. ;
Other physical details 20 სმ.
500 ## - ზოგადი შენიშვნა
General note ზესათ.: აკ. წერეთლის სახელმწ. უნ-ტი, აწსუ ამერიკის შესწავლის ცენტრი, ჯონ დოს პასოსის საქ. ასოციაცია.
რამდენიმე შრომა ინგლ.
653 ## - INDEX TERM--UNCONTROLLED
Uncontrolled term ამერიკისმცოდნეობა - კონფერენციები
653 ## - INDEX TERM--UNCONTROLLED
Uncontrolled term ქართულ-ამერიკული ურთიერთობები
653 ## - INDEX TERM--UNCONTROLLED
Uncontrolled term ამერიკული ლიტერატურა
700 ## - ADDED ENTRY--PERSONAL NAME
Relator code აბესაძე, ირინა
Relator term ავტორი
9 (RLIN) 15262
700 ## - ADDED ENTRY--PERSONAL NAME
Personal name გუნია, დეა,
Relator term ავტორი
9 (RLIN) 15263
700 ## - ADDED ENTRY--PERSONAL NAME
Personal name ბაგრატიონი, ირმა და სხვ.
Relator term ავტორი
9 (RLIN) 15264
700 ## - ADDED ENTRY--PERSONAL NAME
Personal name ოდილავაძე, ნათია
Relator term რედაქტორი
9 (RLIN) 15265
700 ## - ADDED ENTRY--PERSONAL NAME
Personal name გეგეჭკორი, დავით
Relator term რედაქტორი
9 (RLIN) 15266
710 ## - ADDED ENTRY--CORPORATE NAME
Corporate name or jurisdiction name as entry element აკ. წერეთლის სახელმწ. უნ-ტი
Subordinate unit აწსუ ამერიკის შესწავლის ცენტრი. ჯონ დოს პასოსის საქ. ასოციაცია.
9 (RLIN) 15267
942 ## - ADDED ENTRY ELEMENTS (KOHA)
Source of classification or shelving scheme
Koha item type წიგნი
ეგზემპლარები
ჩამოწერის სტატუსი დაკარგული ეგზემპლარის სტატუსი კლასიფიკაციის წყარო ან თაროზე გაწყობის სქემა დაზიანების სტატუსი არ გაიცემა მუდმივი მდებარეობა (დაცვის ადგილი) ამჟამინდელი ადგილსამყოფელი თაროზე განთავსების ადგილი შეძენის თარიღი ღირებულება, შესყიდვის ნორმალური ფასი სრული შენახვის შიფრი შტრიხკოდი ბოლო ოპერაციის თარიღი ეგზემპლარის მიმდევრობითი ნომერი (კეტერი?) ფასის ძალაში შესვლის თარიღი ეგზემპლარის სახეობა საჯარო შენიშვნა
          ბათუმის შოთა რუსთაველის სახელმწიფო უნივერსიტეტის მთავარი ბიბლიოთეკა ბათუმის შოთა რუსთაველის სახელმწიფო უნივერსიტეტის მთავარი ბიბლიოთეკა წიგნსაცავი 2022-10-11 5.00 908(73) ს-12 28672 2022-10-11 28672 2022-10-11 წიგნი 5 ლ.